Statistics for Top Five European Countries by Category #3

Click here to take the quiz!

General Stats

  • This quiz has been taken 14,614 times
  • The average score is 19 of 22

Answer Stats

Country% Correct
United Kingdom
99%
France
98%
Italy
98%
Russia
98%
Spain
98%
Norway
97%
Germany
96%
Sweden
94%
Greece
92%
Portugal
92%
Poland
85%
Ireland
82%
Netherlands
82%
Romania
79%
Belarus
77%
Serbia
76%
Iceland
75%
Moldova
75%
Albania
72%
Lithuania
72%
Slovenia
71%
Czech Republic
45%

Score Distribution

Percentile by Number Answered

Percent of People with Each Score

Your Score History

You have not taken this quiz